000 00869nam a2200265 i 4500
001 189250
003 SpMaBN
005 20250829034732.0
008 190430s1988 sp |||| |dspa d
020 _a84-7175-124-0
080 _a821.111(73)-31"18"
100 1 _aLondon, Jack,
_d1876-1916
_973218
245 1 0 _aAntes de Adán /
_cJack London ; [traducción, Federico Revilla].
260 _aBarcelona :
_bEdiciones 29,
_c[1988]
300 _a167 p. ;
_c19 cm.
490 1 _aGrandes autores
490 1 _aLibros río nuevo
505 8 _aContiene también: ;
_tMi vida
700 1 _aRevilla, Federico.
_996429
830 0 0 _aGrandes autores (Ediciones 29)
_9193271
830 0 0 _aLibros río nuevo
_9193272
852 _aES-MaACL
_jA-14540
_9 196388
_bR.152122
_cDEPO1
_dOlim: N-7540
_hDonación: Editorial
942 _2udc
999 _c189250
_d189250